000 00850nam a22002417a 4500
999 _c16705
_d16705
003 AR-CdUCM
008 190325b ||||| |||| 00| 0 spa d
040 _aMUNICIPALIDAD PROVINCIAL DEL CUSCO
_cBIBLIOTECA MUNICIPAL DEL CUSCO
082 _a373 /
_bAL35 / 1950
100 _aAlarco, Luis Felipe
_911080
245 _aGuía didáctica /
260 _aLima :
_bDepartamento de Publicaciones de la Universidad Mayor de San Marcos ;
_c1950.
300 _a180 páginas ;
_c18 cm
440 _aBiblioteca de cultura general
_n6
_936299
505 _aContenido: El método didáctico -- Los fines de la educación -- La disciplina escolar ...
650 _aPedagogía
_91560
650 _aEducación
_9460
650 _aEducador
_9128
650 _aEducando
_923842
710 _aUNMSM
_95688
942 _2ddc
_cLIBROS
945 _arah
_d04/05/2019